Materská a rodičovská dovolenka
Súčasná právna úprava pojmy materská dovolenka a rodičovská dovolenka definuje nepriamo. V tomto čase nepatrí zamestnancovi náhrada mzdy, ale hmotné zabezpečenie poskytované v zmysle osobitných predpisov, ktorými sú zákon o sociálnom poistení alebo zákon o rodičovskom príspevku. Prerušenie povinného...
Saved in:
| Main Author: | |
|---|---|
| Format: | Book Chapter |
| Language: | Slovak |
| Subjects: | |
| Tags: |
No Tags, Be the first to tag this record!
|
MARC
| LEADER | 00000naa a2200000 4500 | ||
|---|---|---|---|
| 001 | 0237890 | ||
| 005 | 20221104112146.8 | ||
| 041 | 0 | |a slo | |
| 044 | |a SK | ||
| 245 | 1 | 0 | |a Materská a rodičovská dovolenka |c Iveta Matlovičová |
| 520 | |a Súčasná právna úprava pojmy materská dovolenka a rodičovská dovolenka definuje nepriamo. V tomto čase nepatrí zamestnancovi náhrada mzdy, ale hmotné zabezpečenie poskytované v zmysle osobitných predpisov, ktorými sú zákon o sociálnom poistení alebo zákon o rodičovskom príspevku. Prerušenie povinného sociálneho poistenia. V akom období sa stáva platiteľom zdravotného poistenia štát. Povinnosti zamestnávateľa pri poskytovaní materskej a rodičovskej dovolenky. | ||
| 610 | 2 | 0 | |a dovolenka materská |
| 610 | 2 | 0 | |a zamestnávatelia |
| 610 | 2 | 0 | |a štát |
| 610 | 2 | 0 | |a príspevok rodičovský |
| 100 | 1 | |a Matlovičová, Iveta | |